LDR 00979naa#a2200193#i#450# 001 RU\\bibl\111305 005 20260413140639.1 011 ## _a2782-490X 100 ## _a20251230b2025####ek#y0rusy0150####ca 101 0# _aRUS 102 ## _aRU 200 1# _aУРОЖАЙНОСТЬ И КАЧЕСТВО СЕМЯН СОРТОВ ЛЬНА МАСЛИЧНОГО ПРИ РАЗНЫХ СРОКАХ ПОСЕВА В УСЛОВИЯХ ЮЖНОЙ ЛЕСОСТЕПИ ЗАПАДНОЙ СИБИРИ _eЖурнальная статья 210 1# _aКазань _cКазанский государственный аграрный университет _d2025 215 ## _a6 с. 608 ## _aЖурнальная статья _2local 675 ## _aЛен. Linum usitatissimum L.. 633.854.54 _aПосев. Посадка. Пересадка. 631.53.04 _zRUS 700 #1 _aМаракаева _gТатьяна Владимировна 700 #1 _aЯковлева _gВалентина Сергеевна 856 4# _anaukaru.ru _u